La cuestión de Tacna i Arica: antecedentes históricos, jestiones diplomáticas, estado actual

Gardado en:
Detalles Bibliográficos
Autor Principal: Egaña, Rafael (Author)
Formato: Libro
Idioma:Lingua castelá
Publicado: Santiago Barcelona 1900
Edición:1a. ed
Subjects:
Tags: Engadir etiqueta
Sen Etiquetas, Sexa o primeiro en etiquetar este rexistro!

MARC

LEADER 00000nam a2200000 a 4500
001 UCO1580
003 CL-VaPUC
008 000519e19000000CL |||||||||||||||||spa|d
082 0 4 |a 341.42  |b EGA  |2 21 
100 0 |a Egaña, Rafael  |e author  |9 443886 
245 1 3 |a La cuestión de Tacna i Arica: antecedentes históricos, jestiones diplomáticas, estado actual 
250 |a 1a. ed 
300 |a 264 p 
942 |c BK 
945 |d 20000519 00:00:00  |a crobeson 
260 |a Santiago  |b Barcelona  |c 1900 
650 0 |a Problemas limítrofes  |9 266724 
650 7 |a DERECHOS TERRITORIALES  |2 CL-VaPUC  |9 266725 
650 0 |a Derecho internacional  |9 255637 
650 0 |a Tratados internacionales   |9 256056 
650 0 |a Diplomacia  |9 256483 
650 0 |a Fuentes Históricas  |9 265141 
650 0 |a Guerra del Pacífico  |9 314886 
651 7 |a CHILE  |2 CL-VaPUC  |9 443887 
651 0 |a Arica  |9 309332 
651 0 |a Perú  |9 256567 
651 7 |a TACNA  |2 CL-VaPUC  |9 314889 
583 |a last modification  |c 20000519 00:00:00  |k Rodrigo Vera 
999 |c 288188  |d 288186 
952 |0 0  |1 0  |4 0  |6 341_420000000000000_EGA_1900  |7 0  |8 X  |9 335660  |a BIBHIS  |b BIBHIS  |d 2019-11-20  |i 1276735  |o 341.42 EGA 1900  |p 1276735  |r 2024-01-30  |w 2019-11-20  |y BK_X  |k HIS 
952 |0 0  |1 0  |4 0  |6 341_420000000000000_EGA_1900  |7 0  |8 X  |9 335661  |a FDOBUD  |b FDOBUD  |d 2019-11-20  |i 1026488  |o 341.42 EGA 1900  |p 1026488  |r 2019-11-20  |w 2019-11-20  |y BK_X  |k BUD